[Event "CAN-ch U16"]
[Site "Sault Ste Marie"]
[Date "2017.07.08"]
[Round "5.23"]
[White "Larivee, Nathan"]
[Black "Java, Jose"]
[Result "0-1"]
[WhiteElo "799"]
[BlackElo "1005"]
[PlyCount "92"]
[EventDate "2017.07.06"]
[EventType "swiss"]
[EventRounds "7"]
[EventCountry "CAN"]
[SourceTitle "EXT 2022"]
[Source "ChessBase"]
[SourceDate "2021.10.06"]
[SourceVersion "1"]
[SourceVersionDate "2021.10.06"]
[SourceQuality "1"]

1. Nf3 d5 2. e3 Nc6 3. d4 Bg4 4. Be2 f6 5. Nc3 e6 6. e4 Bb4 7. exd5 Bxc3+ 8. bxc3 Qxd5 9. c4 Qd7 10. d5 exd5 11. cxd5 Nce7 12. h3 Bxf3 13. Bxf3 0-0-0 14. c4 c6 15. dxc6 Qe6+ 16. Be3 Rxd1+ 17. Rxd1 Nxc6 18. Bg4 f5 19. Bf3 Nge7 20. 0-0 Qxc4 21. Bxa7 Qxa2 22. Bxc6 Nxc6 23. Bd4 Nxd4 24. Rxd4 Rd8 25. Rc1+ Kb8 26. Rxd8+ Ka7 27. Rd7 Qb2 28. Rcc7 Kb8 29. Rxg7 Qa1+ 30. Kh2 Qe5+ 31. g3 Qxc7 32. Rxc7 Kxc7 33. f4 b5 34. g4 b4 35. gxf5 Kd7 36. Kg3 Ke7 37. Kf3 b3 38. Ke4 b2 39. Ke5 b1Q 40. f6+ Kf7 41. f5 Qe1+ 42. Kf4 Kxf6 43. Kg4 Qe3 44. h4 Qe4+ 45. Kh5 Qxf5+ 46. Kh6 Qg6# 0-1

[Event "CAN-ch U16"]
[Site "Sault Ste Marie"]
[Date "2017.07.07"]
[Round "4.22"]
[White "Java, Jose"]
[Black "Rashid, Kaden"]
[Result "0-1"]
[WhiteElo "1005"]
[BlackElo "987"]
[PlyCount "126"]
[EventDate "2017.07.06"]
[EventType "swiss"]
[EventRounds "7"]
[EventCountry "CAN"]
[SourceTitle "EXT 2022"]
[Source "ChessBase"]
[SourceDate "2021.10.06"]
[SourceVersion "1"]
[SourceVersionDate "2021.10.06"]
[SourceQuality "1"]

1. e4 c5 2. Nc3 e6 3. Nf3 g6 4. d4 cxd4 5. Qxd4 Nf6 6. Bg5 Bg7 7. e5 Nc6 8. Qf4 Nh5 9. Bxd8 Nxf4 10. Bf6 Bxf6 11. exf6 Nh5 12. Nb5 0-0 13. Nd6 Nxf6 14. Nxc8 Raxc8 15. 0-0-0 Nb4 16. c3 d5 17. Bd3 Nxd3+ 18. Rxd3 Ne4 19. Rf1 b5 20. Nd4 b4 21. f3 Nd6 22. Kd2 bxc3+ 23. Rxc3 Rxc3 24. Kxc3 Rc8+ 25. Kd3 Kg7 26. a4 Kf6 27. Nb5 Nxb5 28. axb5 Rb8 29. b4 Rxb5 30. Ra1 Rxb4 31. Rxa7 Rb2 32. g4 Rxh2 33. f4 h6 34. g5+ hxg5 35. fxg5+ Kg7 36. Ke3 Rh8 37. Rd7 Rh3+ 38. Kf4 Rd3 39. Ke5 Rd1 40. Rd6 d4 41. Rxd4 Rxd4 42. Kxd4 f6 43. gxf6+ Kxf6 44. Ke4 g5 45. Kf3 Kf5 46. Kg3 Ke4 47. Kg4 Kd3 48. Kxg5 e5 49. Kf5 e4 50. Kf4 e3 51. Kf3 Kd2 52. Ke4 e2 53. Kd4 e1Q 54. Kd5 Qe3 55. Kc4 Qd3+ 56. Kc5 Kc3 57. Kc6 Kc4 58. Kc7 Qd5 59. Kb6 Qc5+ 60. Ka6 Qb5+ 61. Ka7 Kc5 62. Ka8 Kc6 63. Ka7 Qb7# 0-1

[Event "CAN-ch U16"]
[Site "Sault Ste Marie"]
[Date "2017.07.06"]
[Round "1.20"]
[White "Saine, Zachary"]
[Black "Java, Jose"]
[Result "1-0"]
[WhiteElo "1966"]
[BlackElo "1005"]
[PlyCount "25"]
[EventDate "2017.07.06"]
[EventType "swiss"]
[EventRounds "7"]
[EventCountry "CAN"]
[SourceTitle "EXT 2022"]
[Source "ChessBase"]
[SourceDate "2021.10.06"]
[SourceVersion "1"]
[SourceVersionDate "2021.10.06"]
[SourceQuality "1"]

1. e4 c5 2. Nf3 Nc6 3. d4 d6 4. Be3 Bd7 5. dxc5 Qa5+ 6. c3 dxc5 7. Nbd2 e5 8. Qb3 Nd8 9. Nxe5 Ba4 10. Qc4 Bb5 11. Qxb5+ Qxb5 12. Bxb5+ Ke7 13. Bxc5+ 1-0